Représentabilité et définissabilité dans les algèbres transformationnelles et dans les algèbres polyadiques /

Guardado en:
Autor Principal: LeBlanc, Léon, 1932-
Formato: Libro
Idioma:French
Publicado: Montréal : Presses de l'Université de Montréal, 1966.
Series:Séminaire de mathématiques supérieures ; 24
Etiquetas: Agregar Etiqueta
Sin Etiquetas, Sea el primero en etiquetar este registro!
LEADER 01008cam a22002175 4500
001 MAT.inmabb001910
008 770517s1966####quc######b####000#0#fre#d
005 20151117172505.0
245 1 0 |a Représentabilité et définissabilité dans les algèbres transformationnelles et dans les algèbres polyadiques /  |c par Léon LeBlanc. 
260 |a Montréal :  |b Presses de l'Université de Montréal,  |c 1966. 
300 |a 124 p. ;  |c 28 cm. 
440 0 |a Séminaire de mathématiques supérieures ;  |v 24 
500 |a Cab. de portada: Université de Montréal. Département de mathématiques. 
500 |a "Notes du cours donné ... à la 5e session du Séminaire de mathématiques supérieures de l'Université de Montréal, tenue l'été 1966." 
504 |a Bibliografía: p. [123]-124. 
510 4 |a MR,  |c 40 #4090 
100 1 |a LeBlanc, Léon,  |d 1932- 
246 1 8 |a Représentabilité dans les algèbres polyadiques 
084 |a 03G15 (03D70)  |2 msc2000 
010 |a  76237846  
859 |h 03  |i L4455  |p A-3202  |b BIB. MATEMATICA